000 00290nam a22001337a 4500
008 171016b xxu||||| |||| 00| 0 eng d
020 _a9780198294900
041 _aeng
080 _a33
100 _a52
101 _aEKO
245 _aA NOT-SO-DISMANL SCIENCE
_cOLSON,M
942 _2udc
_cBK
999 _c34007
_d34007